مير کا شعر ی آ ہنگ (Record no. 182541)

MARC details
000 -LEADER
fixed length control field 00621nam a22001937a 4500
005 - DATE AND TIME OF LATEST TRANSACTION
control field 20211122110547.0
010 ## - LCCN (DPL NO)
LC control number UR-11332
020 ## - INTERNATIONAL STANDARD BOOK NUMBER
Terms of availability 250.00
International Standard Book Number -
035 ## - SYSTEM CONTROL NUMBER
System control number U-9887
037 ## - SOURCE OF ACQUISITION
Source of stock number/acquisition DBAD/PUB
082 ## - DEWEY DECIMAL CLASSIFICATION NUMBER
Classification number 808.88
100 ## - MAIN ENTRY--PERSONAL NAME
Personal name عا ر ف حسن خا ن
245 ## - TITLE STATEMENT
Title مير کا شعر ی آ ہنگ
Statement of responsibility, etc عا ر ف حسن خا ن
246 ## - VARYING FORM OF TITLE
Title proper/short title Meer Ka Sheri Ahang (Urdu)
Remainder of title by Arif Hasan Khan
260 ## - PUBLICATION, DISTRIBUTION, ETC. (IMPRINT)
Place of publication, distribution, etc N.Delhi
Date of publication, distribution, etc 2021ء
Name of publisher, distributor, etc Educational Publishing House
270 ## - ADDRESS
Address D1/16,Ansari Road,Darya Ganj,
City New Delhi
Postal code 110002
Fax number -
300 ## - PHYSICAL DESCRIPTION
Extent 112 ص
Dimensions 22 Cm(Hb)
942 ## - ADDED ENTRY ELEMENTS (KOHA)
Source of classification or shelving scheme Dewey Decimal Classification
Item type Urdu Bks
Classification part 808.88
Call number suffix ع ا ر
Holdings
Withdrawn status Lost status Not for loan Collection code Home library Current library Date acquired Source of acquisition Cost, normal purchase price Full call number Barcode Copy number Cost, replacement price Koha item type
    Not For Loan Non-fiction D.B.Act.Division Central Library 22/11/2021 DBAD/PUB 250.00 808.88 ع ا ر U-9887 1 250.00 Urdu Bks

© Delhi Public Library
Hit Counter
free hit counter